000 00292nam a22001337a 4500
008 210521b ||||| |||| 00| 0 eng d
041 _aeng
080 _a53
082 _a53
100 _a43
101 _aFIZ
245 _aIntroduction to Special Relativity
_cSmith,J.H
942 _2udc
_cBK
999 _c57563
_d57563